000 00347nam a2200133Ia 4500
008 231129s9999||||xx |||||||||||||| ||spa||
020 _a958-9018-20-3
040 _bspa
082 _a925.3 E35ga
100 _aGarcí­a Camarero Ernesto
245 0 _aEinstein
264 _aEditora Cinco
942 _2ddc
_cBKS
999 _c10045
_d10045